01214cam a2200325 a 450000100090000000300090000900500170001800800410003501000170007602000150009302500240010803700630013204000280019504200100022304300120023305000260024508200190027110000280029024500890031825000120040726001180041930000490053750400490058652000430063565100450067865100740072370000240079771000440082183000230086514376403BDDh-ASL20231015030454.0060515s2004 bg ab b f000 0 eng  a 2006561392 a9843115422 aB-E-2006-561392; 06 bLibrary of Congress -- New Delhi Overseas OfficecTk120.00 aDLCcDLCdDLCdBDDh-ASL alcode aa-bg---00aDS396.9.P35bH67 2004 a930.1549bHOP 1 aHossain, Md. Mosharraf.10aPaharpur :bthe world cultural heritage /cMd. Mosharraf Hossain, Md. Shafiqul Alam. a1st ed. aDhaka :bDept. of Archaeology, Ministry of Cultural Affairs, Govt. of the People's Republic of Bangladesh,c2004. aix, 33 p. :bill., some col., maps ;c25 cm. aIncludes bibliographical references (p. 30). aArticles with reference to Bangladesh. 0aPaharpur Site (Bangladesh)xAntiquities. 0aPaharpur Site (Bangladesh)xAntiquitiesxCollection and preservation.1 aAlam, Md. Shafiqul.1 aBangladesh.bDepartment of Archaeology. 0aB.A. series ;v27.